Southville International School and Colleges
Your cart is empty.
  • Cart
  • Lists
    Public lists Eva Luna New books Lux_list list_1
    Your lists Log in to create your own lists
  • Log in to your account
  • Your cookies
  • Search history
Southville International School and Colleges
  • Advanced search
  • Recent comments
  • Most popular
  • Libraries

Log in to your account

Log in with GOOGLE


If you do not have an external account, but do have a local account, you can still log in:

  1. Home
  2. MARC view: Bicycle safety /
Normal view MARC view ISBD view

Bicycle safety / (Record no. 102953)

[ view plain ]
MARC details
000 -LEADER
fixed length control field 00806nam a2200229 a 4500
005 - DATE AND TIME OF LATEST TRANSACTION
control field 20140412111246.0
008 - FIXED-LENGTH DATA ELEMENTS--GENERAL INFORMATION
fixed length control field 001115s19uu xx 00 eng d
020 ## - INTERNATIONAL STANDARD BOOK NUMBER
International Standard Book Number 0-85692-718-9
050 ## - LIBRARY OF CONGRESS CALL NUMBER
Classification number TR(PS E
Item number Bi47 1983
100 ## - MAIN ENTRY--PERSONAL NAME
Personal name McNutty, Sally
245 ## - TITLE STATEMENT
Title Bicycle safety /
Statement of responsibility, etc written by Sally McNutty ; illustrated by Mike Higgs.
260 ## - PUBLICATION, DISTRIBUTION, ETC. (IMPRINT)
Place of publication, distribution, etc Windermere, Florida :
Name of publisher, distributor, etc The Rourke Copr,
Date of publication, distribution, etc 1983.
300 ## - PHYSICAL DESCRIPTION
Extent 1 v. (unp.); col.; ill.
440 ## - SERIES STATEMENT/ADDED ENTRY--TITLE
Title Learn with moonbird
520 ## - SUMMARY, ETC.
Summary, etc Moonbird tells the members of the Gibbon family some basic points of bicycle safety.
650 ## - SUBJECT ADDED ENTRY--TOPICAL TERM
Topical term or geographic name as entry element Bicycles and bicycling -- safety measures -- Fiction
650 ## - SUBJECT ADDED ENTRY--TOPICAL TERM
Topical term or geographic name as entry element Safety -- Fiction
650 ## - SUBJECT ADDED ENTRY--TOPICAL TERM
Topical term or geographic name as entry element Gibbons -- Fiction
650 ## - SUBJECT ADDED ENTRY--TOPICAL TERM
Topical term or geographic name as entry element Birds -- Fiction
650 ## - SUBJECT ADDED ENTRY--TOPICAL TERM
Topical term or geographic name as entry element Extraterrestrial being -- Fiction
Holdings
Withdrawn status Lost status Damaged status Use restrictions Home library Current library Shelving location Date acquired Source of acquisition Total Checkouts Full call number Barcode Date last seen Price effective from Koha item type
        Elizalde Library Elizalde Library Teachers Reference Section 11/15/2000     TR(PS E Bi47 1983 E3391 04/12/2014 04/12/2014 Books

Bicycle safety /

APA

McNutty S., . (1983). Bicycle safety. Windermere, Florida: The Rourke Copr.

Chicago

McNutty Sally, . 1983. Bicycle safety. Windermere, Florida: The Rourke Copr.

Harvard

McNutty S., . (1983). Bicycle safety. Windermere, Florida: The Rourke Copr.

MLA

McNutty Sally, . Bicycle safety. Windermere, Florida: The Rourke Copr. 1983.

  • Place hold
  • Print
  • Cite
  • Add to your cart (remove)
  • Save record
    BIBTEX Dublin Core MARCXML MARC (non-Unicode/MARC-8) MARC (Unicode/UTF-8) MARC (Unicode/UTF-8, Standard) MODS (XML) RIS
  • More searches
    Search for this title in:
    Other Libraries (WorldCat) Other Databases (Google Scholar) Online Stores (Bookfinder.com) Open Library (openlibrary.org)

Exporting to Dublin Core...

SOUTHVILLE LIBRARY

Southville International School and Colleges Library

1281 Tropical Ave. Cor. Luxembourg St., BF Homes International, Las Pinas City

Tel. No. 8256374 / 252358 Loc. 117/146

Powered by Koha